Statistics for Top 50 NHL Fantasy Defensemen 2018-2019

Click here to take the quiz!

General Stats

  • This quiz has been taken 203 times
  • The average score is 30 of 50

Answer Stats

RankPlayerTeam% Correct
12KarlssonSJ Sharks
99%
1BurnsSJ Sharks
97%
2CarlsonWashington Capitals
97%
6HedmanTampa Bay Lightning
96%
7JosiNashville Predators
93%
9LetangPittsburgh Penguins
93%
20DoughtyLA Kings
90%
16SubbanNashville Predators
90%
19WeberMontreal Canadiens
90%
5GiordanoCalgary Flames
88%
8JonesColumbus Blue Jackets
87%
3RiellyToronto Maple Leafs
82%
18SuterMinnesota Wild
82%
4ByfuglienWinnipeg Jets
81%
31EkbladFlorida Panthers
79%
23McAvoyBoston Bruins
78%
11ChabotOttawa Senators
76%
10KrugBoston Bruins
76%
26WerenskiColumbus Blue Jackets
76%
25Ekman-LarssonArizona Coyotes
74%
24DahlinBuffalo Sabres
71%
15BarrieColorado Avalanche
64%
13DumbaMinnesota Wild
64%
22EllisNashville Predators
64%
17RistolainenBuffalo Sabres
59%
33TheodoreLV Golden Knights
59%
14YandleFlorida Panthers
59%
27HeiskanenDallas Stars
58%
28EkholmNashville Predators
54%
36NurseEdmonton Oilers
52%
40ProvorovPhiladelphia Flyers
48%
34SpurgeonMinnesota Wild
48%
41McDonaghTampa Bay Lightning
46%
42HamiltonCarolina Hurricanes
45%
35MorrisseyWinnipeg Jets
45%
45MuzzinLA Kings
43%
44ParaykoSt Louis Blues
41%
43SergachevTampa Bay Lightning
41%
29EdlerVancouver Canucks
39%
38GostisbeherePhiladelphia Flyers
39%
48MyersWinnipeg Jets
39%
37Petry Montreal Canadiens
37%
21GardinerToronto Maple Leafs
34%
47MansonAnaheim Ducks
29%
49PulockNew York Islanders
26%
46LindellDallas Stars
24%
39PionkNew York Rangers
24%
30MontourAnaheim Ducks
18%
32MillerLV Golden Knights
16%
50DunnSt Louis Blues
13%

Score Distribution

Percentile by Number Answered

Percent of People with Each Score

Your Score History

You have not taken this quiz